Về vấn đề dạy câu tiếng Việt cho học sinh phổ thông trung học Luận văn tốt nghiệp Đại học Sư phạm ngành Văn Khóa 18
Gorde:
| Egile nagusia: | |
|---|---|
| Formatua: | Liburua |
| Hizkuntza: | Undetermined |
| Argitaratua: |
Cần Thơ
Trường Đại học Cần Thơ, Khoa Sư phạm
1996
|
| Gaiak: | |
| Etiketak: |
Etiketa erantsi
Etiketarik gabe, Izan zaitez lehena erregistro honi etiketa jartzen!
|
| Thư viện lưu trữ: | Trung tâm Học liệu Trường Đại học Cần Thơ |
|---|
| LEADER | 00721nam a2200193Ia 4500 | ||
|---|---|---|---|
| 001 | CTU_15241 | ||
| 008 | 210402s9999 xx 000 0 und d | ||
| 082 | |a 495.922 | ||
| 082 | |b H100/1996 | ||
| 100 | |a Dương Thị Thanh Hà | ||
| 245 | 0 | |a Về vấn đề dạy câu tiếng Việt cho học sinh phổ thông trung học | |
| 245 | 0 | |b Luận văn tốt nghiệp Đại học Sư phạm ngành Văn Khóa 18 | |
| 245 | 0 | |c Dương Thị Thanh Hà | |
| 260 | |a Cần Thơ | ||
| 260 | |b Trường Đại học Cần Thơ, Khoa Sư phạm | ||
| 260 | |c 1996 | ||
| 650 | |a vietnamese language | ||
| 904 | |i chi, 961211 | ||
| 980 | |a Trung tâm Học liệu Trường Đại học Cần Thơ | ||